| 000 -NÁVESTIE |
| fixed length control field |
00881nam a2200265 a 4500 |
| 008 - ÚDAJE S PEVNOU DĹŽKOU – VŠEOBECNÉ INFORMÁCIE |
| fixed length control field |
060303s2006||||xo ol f 001 0 slo d |
| 020 ## - MEDZINÁRODNÉ ŠTANDARDNÉ ČÍSLO KNIHY (ISBN) |
| Medzinárodné štandardné číslo knihy (ISBN) |
8096929216 |
| Qualifying information |
(viaz.) |
| Údaje o dostupnosti |
Dar |
| 040 ## - ZDROJ KATALOGIZÁCIE |
| Pôvodná katalogizujúca agentúra |
SNK |
| Jazyk katalogizácie |
slo |
| Prepisujúca agentúra |
SNK |
| Konvencie popisu |
AACR2 |
| 041 0# - KÓD JAZYKA |
| Kód jazyka textu/zvukovej stopy alebo samostatných nápisov |
slo |
| -- |
cze |
| 044 ## - KÓD KRAJINY VYDAVATEĽA/PRODUCENTA |
| Kód krajiny MARC |
xo |
| Kód krajiny ISO |
SK |
| 072 #7 - KÓD PREDMETOVEJ KATEGÓRIE |
| Kód predmetovej kategórie |
616 |
| Pododdiel kódu predmetovej kategórie |
Patológia. Klinická medicína |
| Zdroj |
konspekt |
| 080 ## - ČÍSLO MEDZINÁRODNÉHO DESATINNÉHO TRIEDENIA (MDT) |
| Číslo Medzinárodného desatinného triedenia (MDT) |
616.21 |
| Identifikátor vydania |
2001 |
| 080 ## - ČÍSLO MEDZINÁRODNÉHO DESATINNÉHO TRIEDENIA (MDT) |
| Číslo Medzinárodného desatinného triedenia (MDT) |
616.21/.22 |
| Identifikátor vydania |
2001 |
| 080 ## - ČÍSLO MEDZINÁRODNÉHO DESATINNÉHO TRIEDENIA (MDT) |
| Číslo Medzinárodného desatinného triedenia (MDT) |
(048.8) |
| Identifikátor vydania |
2001 |
| 100 1# - OSOBNÉ MENÁ – VŠEOBECNÉ INFORMÁCIE |
| Osobné meno |
Sičák, Marián |
| 245 10 - NÁZOV |
| Názov |
Rinológia - choroby nosa a prinosových dutín |
| Údaj o zodpovednosti atď. |
vedúci autorského kolektívu Marián Sičák |
| 250 ## - ÚDAJ O PORADÍ VYDANIA |
| Údaj o poradí vydania |
1. vyd. |
| 260 ## - VYDAVATEĽSKÉ ÚDAJE, DISTRIBÚCIA ATĎ. |
| Miesto publikovania, distribúcie atď. |
Martin |
| Názov vydavateľa, distibútora atď. |
Kozák-Press |
| Dátum publikovania, distribúcie atď. |
2006 |
| 300 ## - FYZICKÝ POPIS |
| Rozsah |
339 s. |
| Ďalšie fyzické detaily |
fotogr. (prevažne fareb.), sch., tab. |
| Rozmery |
29 cm |
| 500 ## - VŠEOBECNÁ POZNÁMKA |
| Formátovaná poznámka o obsahu |
Čiast. text čes. |
| 504 ## - |
| -- |
Bibliogr. s. 324-333. Reg. |
| 650 07 - PRIDANÝ VSTUP – PREDMET – TEMATICKÉ HESLO |
| Tematické heslo alebo geografický názov ako vstupný prvok |
otolaryngológia |
| Zdroj hesla alebo termínu |
SNKPH |
| 650 07 - PRIDANÝ VSTUP – PREDMET – TEMATICKÉ HESLO |
| Tematické heslo alebo geografický názov ako vstupný prvok |
choroby horných ciest dychacích |
| Zdroj hesla alebo termínu |
SNKPH |
| 650 07 - PRIDANÝ VSTUP – PREDMET – TEMATICKÉ HESLO |
| Tematické heslo alebo geografický názov ako vstupný prvok |
rinológia |
| Zdroj hesla alebo termínu |
SNKPH |